000 00750nam a2200181Ia 4500
008 090124s9999 xx 000 0 und d
082 _b26426
100 _aकामत अशोक
245 _a कोकणाचा मानबिंदू सिंधुदुर्ग
250 _a0
260 _bपुरातत्त्व व वस्तुसंग्रहालये विभाग महाराष्ट्र
_c1985
300 _a22
600 _aकामत अशोक
630 _a कोकणाचा मानबिंदू सिंधुदुर्ग
700 _aकामत अशोक
730 _a कोकणाचा मानबिंदू सिंधुदुर्ग
942 _cBOOK
999 _c93916
_d93916